00548nam a22001457a 4500008004100000020001800041050002500059100002300084245015000107250001200257260003300269300003300302500004100335650002600376230809b |||||||| |||| 00| 0 eng d a9789811630118 aLB 2806.15 .D36 2021 a Tröhler, Daniel aEuro-Asian encounters on 21st-century competency-based curriculum reforms :b cultural views on globalization and localization /cDaniel, Trohler a1st ed. aSingapore:bSpringer,c2021. aviii, 254p. ;bill. ;c18 cm aincludes bibliographical references. 2Comparative education